Estadísticas para Cordilleras en un mapa

Haz click aquí para intentar la prueba.

Estadísticas generales

  • Esta prueba ha sido intentada 2.109 veces
  • La puntuación promedio es 8 de 20

Respuestas en el mapa

Las respuestas están codificadas por una escala verde-roja en el mapa de la prueba según el % correcto abajo.
 

Estadísticas de respuestas

Elevación
(pies)
Punto más altoCordillera% Correcto
22,838AconcaguaAndes
98%
15,780Mont BlancAlpes
93%
29,029Monte EverestHimalaya
85%
11,168AnetoPirineos
83%
6,217Monte NarodnayaMonte Urales
77%
14,440Monte ElbertMontañas Rocosas
65%
13,665ToubkalCordillera del Atlas
60%
18,510Monte ElbrusMontañas del Cáucaso
54%
8,711Gerlachovský štítMontes Cárpatos
47%
6,684Monte MitchellApalaches
39%
20,310DenaliCordillera de Alaska
21%
12,218Aoraki / Monte CookAlpes del Sur
17%
14,505Monte WhiteneySierra Nevada
14%
14,783BelujaMacizo de Altái
13%
7,310Monte KosciuszkoGran Cordillera Divisoria
11%
14,411Monte RainerCordillera de las Cascadas
8%
25,095Kongur TaghCordillera del Pamir
8%
25,289Tirich MirHindú Kush
8%
24,406Jengish ChokusuTian Shan
7%
8,524Phou BiaCordilleras Annamita
5%

Distribución de puntuación

Porcentaje por número respondido

Porcentaje de gente con cada puntuación

Historial de tus puntuaciones

No has intentado esta prueba.